000 00301nam a22001337a 4500
008 170922b xxu||||| |||| 00| 0 eng d
020 _a0028972910
041 _aeng
080 _a37
100 _a46
101 _aEDU
245 _aINNOVATION IN THE COMMUNITY COLLEGE
_cOBANION, T
942 _2udc
_cBK
999 _c29017
_d29017